Normal view
MARC view
- Principals (Criminal law)
Entry Topical Term
001 - CONTROL NUMBER
- control field: 3915
003 - CONTROL NUMBER IDENTIFIER
- control field: OSt
005 - DATE AND TIME OF LATEST TRANSACTION
- control field: 20170512113907.0
008 - FIXED-LENGTH DATA ELEMENTS
- fixed length control field: 170512|| aca||aabn | a|a d
040 ## - CATALOGING SOURCE
- Original cataloging agency: OSt
- Transcribing agency: OSt
150 ## - HEADING--TOPICAL TERM
- Topical term or geographic name entry element: Principals (Criminal law)
- General subdivision: England
670 ## - SOURCE DATA FOUND
- Source citation: Work cat.: (OSt)0: Smith, J. C. (John Cyril) 3913, Undang-undang jenayah /, 1996

PORTAL AKMAL
E-MEL JKDM
AKMAL2U
G-BAM
u-PUSTAKA